1641 1111 1767 1981 1171 1520 1571 1295 1946 1454 1796 1569 1412 1146 1402 1037 1801 1160 1968 1965 1744 1120 1364 1803 1033 1098 1993 1364 1491 1916 1897 1936 1101 1264 1237 1208 1714 1296 1743 1387 1356 1606 1152 1754 1481 1537 1622 1073 1569 1793 1567 1787 1328 1359 1182 1848 1231 1888 1424 1026 1311 1281 1035 1657 1693 1410 1449 1541 1281 1850 1646 1002 1151 1261 1532 1479 1852 1777 1115 1491 1883 1068 1099 1110 1509 1844 1657 1033 1737 1382 1582 1112 1622 1320 1323 1545 1714 1538 1222 BCNSPRNW ULIB Ver.6.0+V

เปลี่ยนเป็นภาษาไทย

Change to English
 แสดงรายละเอียดบรรณานุกรม
  กลับหน้าหลัก

Brief Record : Get Marc (ISO 2709) : E-mail record : QR code < ปิดหน้าต่าง
LEADER : 00000nam 2200000uu 4500
001    13399111250
003     ULIB
008    110621s||||||||th 000 0 tha d
020    9748714934
050  4 BF576^bว849ช 2542
100 0  วีระวัฒน์ ปันนิตามัย
245 10 เชาวน์อารมณ์ (EQ) :^bดัชนีวัดความสุขและความสำเร็จของชีวิต/^cวีระวัฒน์ ปันนิตามัย
250    พิมพ์ครั้งที่ 2
260    กรุงเทพฯ :^bเอ็กซเปอร์เนท,^c2542
300    220 หน้า ;^c21 ซม.
591    LINS มีปี 2544
650  7 อารมณ์
650  7 เชาวน์
945    ^p240^l0^i012561
945    ^p240^l0^i012530
945    ^p240^l0^i012529
995    ทศพร
999 ^a ใช้งานได้ทุกระบบ
รายการนี้ยังไม่มีแท็ก
คุณยังไม่ได้ล็อกอิน คุณสามารถมีกิจกรรมร่วมกับเว็บไซต์ได้ แต่ต้องล็อกอินก่อน ::
  ล็อกอิน

รายการสื่อสารสนเทศ

ลำดับที่ ประเภท เลขเรียก/บาร์โค้ด สถานที่ สถานะ
- ไม่พบข้อมูล -

รายการใกล้เคียง
    ผู้แต่ง [วีระวัฒน์ ปันนิตามัย]

    หัวเรื่อง [อารมณ์]
    หัวเรื่อง [เชาวน์]

BibComment


ยังไม่เคยถูกคอมเมนท์

คอมเมนท์ทรัพยากรรายการนี้
  คอมเมนท์: เชาวน์อารมณ์ EQ ..


 Copyright 2026. Bcnsprnw @Library